000 00665nam a2200241Ia 4500
003 OSt
005 20220924125320.0
006 a|||||r|||| 00| 0
007 ta
008 220923b |||||||| |||| 00| 0 tel d
024 _a347708
037 _cTextual
040 _aARTS
_cARTS
_btel
041 _2tel
_atel
082 _aO35,3NRA7,1, H7
100 _aMale Raghava Rao Au.
_9198048
245 0 _aAparichita
260 _aRajamahendravaramu
_bSaraswati Power Press India
_c1947
300 _a230p.
_ccm.
650 _aTELUGU LITERATURE
942 _hO35,3NRA7,1, H7
_cTEXL
_2CC
999 _c422389
_d422389